[Event "Kiev Spring op"]
[Site "Kiev"]
[Date "2021.07.16"]
[Round "8"]
[White "Shkryl, Kateryna"]
[Black "Romanov, Vladimir"]
[Result "1-0"]
[WhiteElo "1691"]
[BlackElo "2045"]
[PlyCount "69"]
[EventDate "2021.07.10"]
[EventType "swiss"]
[EventRounds "9"]
[EventCountry "UKR"]
[SourceTitle "EXT 2024"]
[Source "ChessBase"]
[SourceDate "2023.10.10"]
[SourceVersion "1"]
[SourceVersionDate "2023.10.10"]
[SourceQuality "1"]

1. e4 e5 2. Nf3 Nc6 3. Bb5 Nd4 4. Nxd4 exd4 5. 0-0 Bc5 6. Bc4 d6 7. d3 c6 8. Nd2 Ne7 9. c3 0-0 10. Kh1 d5 11. Bb3 f5 12. f4 Kh8 13. e5 Be6 14. Nf3 Qb6 15. Qe2 h6 16. Bc2 Rfe8 17. b4 dxc3 18. bxc5 Qxc5 19. Be3 Qa5 20. Nd4 Bf7 21. Nb3 Qc7 22. d4 b5 23. g4 Bg6 24. Rg1 Rf8 25. Nc5 Rf7 26. e6 Rf6 27. g5 Rff8 28. gxh6 gxh6 29. Nd7 Rg8 30. Ne5 Kh7 31. Nxg6 Rxg6 32. Rxg6 Kxg6 33. Rg1+ Kf6 34. Qh5 Kxe6 35. Bxf5+ 1-0

[Event "Kiev Spring op"]
[Site "Kiev"]
[Date "2021.07.14"]
[Round "6"]
[White "Chernozem, S."]
[Black "Shkryl, Kateryna"]
[Result "1/2-1/2"]
[WhiteElo "1952"]
[BlackElo "1691"]
[PlyCount "46"]
[EventDate "2021.07.10"]
[EventType "swiss"]
[EventRounds "9"]
[EventCountry "UKR"]
[SourceTitle "EXT 2024"]
[Source "ChessBase"]
[SourceDate "2023.10.10"]
[SourceVersion "1"]
[SourceVersionDate "2023.10.10"]
[SourceQuality "1"]

1. e4 d6 2. d4 g6 3. Nc3 Nf6 4. f3 c6 5. Be3 b5 6. Qd2 Nbd7 7. Nh3 Bb7 8. Nf2 a6 9. Be2 Qc7 10. 0-0 h5 11. a4 b4 12. Na2 a5 13. c3 bxc3 14. Nxc3 Bg7 15. f4 0-0 16. Rac1 Ba6 17. e5 Ne8 18. Bxa6 Rxa6 19. Qd3 Qb7 20. e6 Ndf6 21. exf7+ Kxf7 22. f5 gxf5 23. Qxf5 e6 1/2-1/2

[Event "Kiev Spring op"]
[Site "Kiev"]
[Date "2021.07.13"]
[Round "5"]
[White "Shkryl, Kateryna"]
[Black "Muha, Sergey"]
[Result "1-0"]
[WhiteElo "1691"]
[BlackElo "2231"]
[PlyCount "71"]
[EventDate "2021.07.10"]
[EventType "swiss"]
[EventRounds "9"]
[EventCountry "UKR"]
[SourceTitle "EXT 2024"]
[Source "ChessBase"]
[SourceDate "2023.10.10"]
[SourceVersion "1"]
[SourceVersionDate "2023.10.10"]
[SourceQuality "1"]

1. e4 e5 2. Nf3 Nc6 3. Bb5 a6 4. Ba4 Nf6 5. d3 b5 6. Bb3 Be7 7. 0-0 h6 8. Re1 0-0 9. Nbd2 d6 10. c3 Re8 11. Nf1 Bf8 12. Ng3 g6 13. d4 Bg4 14. d5 Na5 15. Bc2 c5 16. b3 Bg7 17. h3 Bd7 18. Be3 Kh7 19. Qd2 Rf8 20. Nh2 Nb7 21. f4 exf4 22. Bxf4 Ng8 23. Nf3 f6 24. h4 Kh8 25. Be3 f5 26. exf5 b4 27. cxb4 Bxa1 28. Rxa1 gxf5 29. bxc5 dxc5 30. Bf4 Qb6 31. Ne5 Qf6 32. Nh5 Qd8 33. Bxh6 Kh7 34. Bxf8 Qxh4 35. Nxd7 Qxh5 36. Qf4 1-0

[Event "Kiev Spring op"]
[Site "Kiev"]
[Date "2021.07.12"]
[Round "3"]
[White "Sidletskyi, Ivan"]
[Black "Shkryl, Kateryna"]
[Result "1/2-1/2"]
[WhiteElo "2170"]
[BlackElo "1691"]
[PlyCount "119"]
[EventDate "2021.07.10"]
[EventType "swiss"]
[EventRounds "9"]
[EventCountry "UKR"]
[SourceTitle "EXT 2024"]
[Source "ChessBase"]
[SourceDate "2023.10.10"]
[SourceVersion "1"]
[SourceVersionDate "2023.10.10"]
[SourceQuality "1"]

1. e4 d6 2. d4 g6 3. Nc3 Bg7 4. f4 Nf6 5. Nf3 0-0 6. Bd3 Na6 7. 0-0 c5 8. e5 Nd7 9. Be3 Nb4 10. Bc4 Nb6 11. Be2 cxd4 12. Bxd4 Bf5 13. Rc1 dxe5 14. Bxe5 Bxe5 15. Nxe5 Qc7 16. Bf3 Rfd8 17. Qe2 N6d5 18. Nxd5 Nxd5 19. g4 Be6 20. f5 f6 21. Nxg6 Qb6+ 22. Kh1 hxg6 23. fxe6 Nc7 24. c4 Kg7 25. Rfe1 Qa5 26. b4 Qxb4 27. Rb1 Qa5 28. Rxb7 Rd2 29. Qe3 Rh8 30. Bg2 Qxa2 31. Qg3 Rc8 32. g5 Qxc4 33. gxf6+ exf6 34. Be4 g5 35. Bg2 Kg6 36. Qh3 f5 37. e7 Re2 38. Rf1 Qg4 39. Rxa7 Qxh3 40. Bxh3 g4 41. Bg2 Nb5 42. Rd7 Rcc2 43. Rd5 Nc7 44. Rd6+ Kg5 45. Rg1 Rxe7 46. h3 Rh7 47. Rf1 f4 48. Be4 Rxh3+ 49. Kg1 Rg3+ 50. Kh1 Rc4 51. Bd3 Rc3 52. Rd1 Rcxd3 53. R6xd3 Rxd3 54. Rxd3 Ne6 55. Kg2 Ng7 56. Kf2 Kf5 57. Rd5+ Ke4 58. Rg5 g3+ 59. Rxg3 fxg3+ 60. Kxg3 1/2-1/2

[Event "EU-ch Online U18 Girls"]
[Site "Tornelo INT"]
[Date "2020.09.19"]
[Round "5"]
[White "Hereklioglu, Sude"]
[Black "Shkryl, Kateryna"]
[Result "1-0"]
[WhiteElo "1905"]
[BlackElo "1799"]
[PlyCount "83"]
[EventDate "2020.09.18"]
[EventType "swiss (rapid)"]
[EventRounds "9"]
[EventCountry "ENG"]
[SourceTitle "CBM 198 Extra"]
[Source "ChessBase"]
[SourceDate "2020.11.30"]
[SourceVersion "1"]
[SourceVersionDate "2020.11.30"]
[SourceQuality "1"]

1. e4 d6 2. d4 Nf6 3. Nc3 g6 4. Nf3 c6 5. Be3 Nbd7 6. Qd2 b5 7. Bd3 Nb6 8. Ne2 Bd7 9. Ng3 h5 10. h4 Ng4 11. Bf4 Bg7 12. c3 e5 13. Bg5 f6 14. Be3 Nxe3 15. Qxe3 Bh6 16. Qe2 Bg4 17. Rd1 Qe7 18. Nf1 0-0 19. N1h2 Be6 20. b3 Rab8 21. Nd2 Bf4 22. g3 Bxd2+ 23. Kxd2 Kh7 24. g4 Qf7 25. Rdg1 Rg8 26. Qe3 a5 27. f4 b4 28. c4 exd4 29. Qxd4 c5 30. Qf2 f5 31. Nf3 Qf6 32. e5 dxe5 33. fxe5 Qe7 34. Ng5+ Kh8 35. gxf5 Bxf5 36. Bxf5 gxf5 37. Qxf5 Rbd8+ 38. Kc1 Rd7 39. e6 Rb7 40. Nf7+ Qxf7 41. exf7 Rxg1+ 42. Rxg1 1-0

[Event "EU-ch Online U18 Girls"]
[Site "Tornelo INT"]
[Date "2020.09.18"]
[Round "1"]
[White "Lagazauri, Tamar"]
[Black "Shkryl, Kateryna"]
[Result "0-1"]
[WhiteElo "1657"]
[BlackElo "1799"]
[PlyCount "112"]
[EventDate "2020.09.18"]
[EventType "swiss (rapid)"]
[EventRounds "9"]
[EventCountry "ENG"]
[SourceTitle "CBM 198 Extra"]
[Source "ChessBase"]
[SourceDate "2020.11.30"]
[SourceVersion "1"]
[SourceVersionDate "2020.11.30"]
[SourceQuality "1"]

1. c4 Nf6 2. Nc3 e5 3. g3 g6 4. Bg2 d6 5. d3 Bg7 6. e4 0-0 7. Nge2 Nc6 8. 0-0 Bd7 9. h3 Qc8 10. Kh2 a6 11. Be3 Ne7 12. Qd2 c5 13. Bh6 Ne8 14. Bxg7 Kxg7 15. f4 Nc7 16. Nd5 Nexd5 17. cxd5 f6 18. Rf2 Qe8 19. Raf1 Qe7 20. b4 b6 21. bxc5 bxc5 22. Qa5 Bb5 23. fxe5 fxe5 24. Nc1 Rxf2 25. Rxf2 Rf8 26. Rxf8 Kxf8 27. a4 Be8 28. Nb3 Qd7 29. Nd2 Ke7 30. Nc4 Qd8 31. h4 Bd7 32. Nb6 Na8 33. Nc4 Qxa5 34. Nxa5 Bxa4 35. Bf3 Nb6 36. Be2 Bb5 37. g4 Kd7 38. g5 Kc7 39. h5 Bd7 40. hxg6 hxg6 41. d4 cxd4 42. Bxa6 Na4 43. Bd3 Nc5 44. Bc2 Bb5 45. Kg3 d3 46. Bd1 Nxe4+ 47. Kf3 Nc3 48. Bb3 d2 49. Ke3 d1Q 50. Bxd1 Nxd1+ 51. Kd2 Nf2 52. Ke3 Nd3 53. Nb3 Nb4 54. Ke4 Bd3+ 55. Ke3 Bf5 56. Nd2 Nxd5+ 0-1

[Event "EU-ch Online U18 Girls"]
[Site "Tornelo INT"]
[Date "2020.09.18"]
[Round "2"]
[White "Shkryl, Kateryna"]
[Black "Lupascu, Diana Elena"]
[Result "0-1"]
[WhiteElo "1799"]
[BlackElo "1668"]
[PlyCount "122"]
[EventDate "2020.09.18"]
[EventType "swiss (rapid)"]
[EventRounds "9"]
[EventCountry "ENG"]
[SourceTitle "CBM 198 Extra"]
[Source "ChessBase"]
[SourceDate "2020.11.30"]
[SourceVersion "1"]
[SourceVersionDate "2020.11.30"]
[SourceQuality "1"]

1. d4 Nf6 2. Nf3 e6 3. c4 c5 4. e3 g6 5. b3 Bg7 6. Bb2 0-0 7. Nc3 d5 8. Be2 b6 9. 0-0 Bb7 10. Rb1 Nc6 11. Ba3 Nb4 12. Na4 Ne4 13. dxc5 Nxa2 14. Qc2 Nac3 15. Nxc3 Nxc3 16. Rbe1 Nxe2+ 17. Rxe2 bxc5 18. Bxc5 Re8 19. Rd1 Qc7 20. Bd4 e5 21. Ba1 Rac8 22. Nd2 Qc6 23. f3 Ba6 24. Rc1 Qc5 25. Kh1 Bh6 26. Qa2 Qb6 27. Nf1 d4 28. Rce1 Red8 29. exd4 exd4 30. Re4 Bb7 31. Rh4 Bg7 32. Rd1 Rb8 33. Nd2 Qf6 34. Rh3 Bc8 35. g4 Bb7 36. Rg3 Qb6 37. Rf1 Be5 38. Rg2 Bf4 39. h4 Ba8 40. Ne4 Qxb3 41. Qxa7 Qxc4 42. Rfg1 Be3 43. Re1 Bf4 44. h5 Bxe4 45. fxe4 Ra8 46. Qe7 Qc7 47. Qh4 d3 48. hxg6 fxg6 49. Rd1 Be5 50. Bxe5 Qxe5 51. g5 d2 52. Rgxd2 Rxd2 53. Rxd2 Re8 54. Re2 Qb5 55. Qg4 Qb1+ 56. Kg2 Qb7 57. Kg3 Qc7+ 58. Kg2 Qe5 59. Re3 Qd4 60. Re2 Qe5 61. Qh4 Qb5 0-1